1681 1823 1383 1973 1686 1488 1216 1778 1601 1409 1181 1659 1100 1557 1961 1285 1063 1369 1888 1484 1966 1581 1527 1899 1697 1664 1995 1092 1766 1937 1278 1368 1330 1789 1077 1791 1243 1225 1731 1898 1430 1305 1883 1519 1047 1375 1678 1668 1480 1226 1729 1601 1389 1743 1950 1548 1201 1805 1250 1733 1780 1624 1852 1467 1749 1889 1711 1450 1316 1220 1833 1646 1620 1117 1775 1168 1959 1012 1084 1140 1173 1310 1519 1984 1953 1100 1973 1818 1197 1463 1786 1526 1424 1554 1018 1342 1724 1075 1413 BCNSPRNW ULIB Ver.6.0+V

เปลี่ยนเป็นภาษาไทย

Change to English
 แสดงรายละเอียดบรรณานุกรม
  กลับหน้าหลัก

Brief Record : Get Marc (ISO 2709) : E-mail record : QR code < ปิดหน้าต่าง
LEADER : 00000nam 2200000uu 4500
001    13399121969
003     ULIB
008    121217s2551||||th 000 0 tha d
020    ^a9789740657712 (ล.1)
060 04 ^aWY159^bป199ก ล.1
110 1  ^aมหาวิทยาลัยสุโขทัยธรรมาธิราช. ^bสาขาวิชาพยาบาลศาสตร์
245 00 ^aเอกสารการสอนชุดวิชา การพยาบาลเด็กและวัยรุ่น หน่วยที่ 1-5 =^bNursing care of the child and adolescent /^cสาขาวิชาสาขาวิชาพยาบาลศาสตร์ มหาวิทยาลัยสุโขทัยธรรมาธิราช
246 31 ^aNursing care of the child and adolescent
250    ^aพิมพ์ครั้งที่ 2(ปรับปรุงใหม่)
260    ^a[นนทบุรี] :^bสำนักพิมพ์มหาวิทยาลัยสุโขทัยธรรมาธิราช,^c2551
300    ^a3 เล่ม ;^c30 ซม.
500    ^a"เอกสารการสอนชุดวิชา 51207 หน่วยที่ 1-5 - หน้าปกใน
500    ^aสิ่งพิมพ์ของ มหาวิทยาลัยสุโขทัยธรรมาธิราชสาขาวิชาวิทยาศาสตร์สุขภาพ
650  7 ^aการพยาบาลเด็ก
650  7 ^aการพยาบาลวัยรุ่น
945    ^p0^l0^i033222
995    ^a เกษร
999    ^aใช้งานได้ทุกระบบ
รายการนี้ยังไม่มีแท็ก
คุณยังไม่ได้ล็อกอิน คุณสามารถมีกิจกรรมร่วมกับเว็บไซต์ได้ แต่ต้องล็อกอินก่อน ::
  ล็อกอิน

รายการสื่อสารสนเทศ

ลำดับที่ ประเภท เลขเรียก/บาร์โค้ด สถานที่ สถานะ
1. Book การพยาบาล
หนังสือสำรอง
สถานะ=หนังสือสำรอง
WY159 ป199ก ล.1 ฉ.1 
  Barcode: 033222
ห้องสมุดวิทยาเขตสวรรค์ประชารักษ์
►ส่วนจัดเก็บหนังสือเก่า สปร
บนชั้น
  ขอยืม

รายการใกล้เคียง
    หัวเรื่อง [การพยาบาลเด็ก]
    หัวเรื่อง [การพยาบาลวัยรุ่น]

BibComment


ยังไม่เคยถูกคอมเมนท์

คอมเมนท์ทรัพยากรรายการนี้
  คอมเมนท์: เอกสารการสอนชุดว..


 Copyright 2026. Bcnsprnw @Library